[Event "CYCC U14"]
[Site "Victoria CAN"]
[Date "2005.03.27"]
[Round "7.14"]
[White "King, George"]
[Black "Greene, Spencer"]
[Result "1-0"]
[WhiteElo "811"]
[BlackElo "964"]
[PlyCount "108"]
[GameId "2160767910969317"]
[EventDate "2005.03.24"]
[EventType "swiss"]
[EventRounds "7"]
[EventCountry "CAN"]

1. e4 Nh6 2. d4 d5 3. exd5 Ng4 4. Be2 h5 5. Nf3 Qxd5 6. Nc3 Qd6 7. h3 Nf6 8. Bd2 g5 9. Bxg5 Nd5 10. Nxd5 Qxd5 11. Bd2 Nc6 12. a4 b6 13. Bb5 Qe6+ 14. Qe2 a6 15. Bxc6+ Qxc6 16. c3 Bh6 17. Bg5 Bxg5 18. Nxg5 Rg8 19. h4 Qxg2 20. Qf3 Bb7 21. Qxf7+ Kd7 22. Qe6+ Kd8 23. Qxg8+ Kd7 24. Qe6+ Ke8 25. Rd1 Qxh1+ 26. Ke2 Bc8 27. Rxh1 Bxe6 28. Nxe6 Kd7 29. d5 b5 30. axb5 axb5 31. Rg1 Ra2 32. Rb1 Ra5 33. f4 b4 34. cxb4 Rxd5 35. Nf8+ Kd6 36. Rd1 Rxd1 37. Kxd1 Kc6 38. Ng6 Kd6 39. f5 c6 40. Nf4 Ke5 41. Nxh5 Kxf5 42. Ng3+ Kg4 43. Ne4 Kxh4 44. Kd2 Kg4 45. Kd3 Kf5 46. Nc5 Ke5 47. Kc4 Kd6 48. b5 cxb5+ 49. Kxb5 Kc7 50. b4 e5 51. Ne6+ Kd6 52. Nd8 e4 53. Nb7+ Ke7 54. Nc5 Kd6 1-0

[Event "CYCC U14 w"]
[Site "Victoria CAN"]
[Date "2005.03.24"]
[Round "1"]
[White "Luca, Ana Maria"]
[Black "Ruiter, Chelsea"]
[Result "0-1"]
[WhiteElo "803"]
[BlackElo "1073"]
[PlyCount "100"]
[GameId "2160767910969318"]
[EventDate "2005.03.24"]
[EventType "tourn"]
[EventRounds "7"]
[EventCountry "CAN"]

1. c4 e5 2. Nc3 Nf6 3. e4 Bb4 4. Qc2 Bxc3 5. Qxc3 d6 6. d3 Be6 7. g3 Nbd7 8. Bg2 Qe7 9. Nf3 O-O-O 10. Bg5 h6 11. Bxf6 Qxf6 12. d4 exd4 13. Nxd4 c5 14. Nxe6 Qxc3+ 15. bxc3 fxe6 16. O-O Nb6 17. Bh3 Rhe8 18. a4 Nxc4 19. f4 d5 20. Rfe1 d4 21. Bf1 d3 22. Red1 Ne3 23. Bxd3 Nxd1 24. Rxd1 c4 25. Be2 Rxd1+ 26. Bxd1 Re7 27. Bg4 Kc7 28. Be2 g5 29. Bxc4 gxf4 30. gxf4 Rg7+ 31. Kh1 Kd6 32. e5+ Ke7 33. a5 Rg4 34. Be2 Rxf4 35. a6 bxa6 36. Bxa6 Re4 37. c4 Rxe5 38. h4 Rc5 39. Kh2 e5 40. Kg2 Kf6 41. Kf3 Kf5 42. Ke3 Kg4 43. Ke4 Kxh4 44. Kd3 Kg3 45. Kc3 Kf3 46. Kb4 Rc6 47. c5 Rxa6 48. Kb5 Rg6 49. c6 Rxc6 50. Kxc6 e4 0-1

[Event "CYCC U14 w"]
[Site "Victoria CAN"]
[Date "2005.03.24"]
[Round "1"]
[White "Xiong, Sonja"]
[Black "Boychuk, Sara"]
[Result "1-0"]
[WhiteElo "1569"]
[BlackElo "959"]
[PlyCount "55"]
[GameId "2160767910969320"]
[EventDate "2005.03.24"]
[EventType "tourn"]
[EventRounds "7"]
[EventCountry "CAN"]

1. e4 h6 2. d4 a6 3. Bc4 e6 4. Nf3 Bb4+ 5. c3 Ba5 6. O-O Nf6 7. Re1 O-O 8. Bf4 c6 9. d5 cxd5 10. exd5 exd5 11. Bxd5 Nxd5 12. Qxd5 Bb6 13. Nbd2 Nc6 14. Re4 Qf6 15. Bd6 Qd8 16. Bxf8 Qxf8 17. Rae1 Bc7 18. Re8 g6 19. Rxf8+ Kxf8 20. Qe4 d6 21. Nd4 d5 22. Qe8+ Kg7 23. Nxc6 Ba5 24. Nxa5 b6 25. Qe5+ f6 26. Qxd5 Rb8 27. Re7+ Kf8 28. Qd8# 1-0

[Event "CYCC U14 w"]
[Site "Victoria CAN"]
[Date "2005.03.24"]
[Round "2.1"]
[White "Robinson, Danielle"]
[Black "Luca, Ana Maria"]
[Result "0-1"]
[WhiteElo "599"]
[BlackElo "803"]
[PlyCount "100"]
[GameId "2160767910969321"]
[EventDate "2005.03.24"]
[EventType "tourn"]
[EventRounds "7"]
[EventCountry "CAN"]

1. Nc3 e6 2. e3 d5 3. f4 c5 4. e4 Nf6 5. exd5 exd5 6. Bb5+ Nc6 7. Qe2+ Be6 8. f5 a6 9. fxe6 axb5 10. exf7+ Kxf7 11. d3 Nd4 12. Qd1 Bd6 13. Nf3 Re8+ 14. Kf2 Ng4+ 15. Kf1 Nxh2+ 16. Rxh2 Bxh2 17. Nxh2 b4 18. Qh5+ Kg8 19. Ne2 Nxe2 20. Bg5 Ng3+ 21. Kf2 Nxh5 22. Bxd8 Rf8+ 23. Nf3 Raxd8 24. Re1 Ra8 25. g4 Nf4 26. Ng5 Rxa2 27. Rb1 Nh3+ 28. Kg3 Nxg5 29. Kh4 Nf3+ 30. Kg3 Nd4 31. c3 Ne2+ 32. Kh4 bxc3 33. bxc3 Rf3 34. d4 Nxc3 35. Rxb7 h6 36. Rb8+ Kh7 37. dxc5 g6 38. g5 Rh2+ 39. Kg4 Rf7 40. gxh6 Rh5 41. c6 Rc7 42. Rb6 d4 43. Kf4 d3 44. Ke3 Rh3+ 45. Kd2 Nd5 46. Ra6 Nb4 47. Rb6 Nxc6 48. Rxc6 Rxc6 49. Kd1 Rh2 50. Ke1 Rc1# 0-1

[Event "CYCC U14 w"]
[Site "Victoria CAN"]
[Date "2005.03.24"]
[Round "2.2"]
[White "Ruiter, Chelsea"]
[Black "Xiong, Sonja"]
[Result "0-1"]
[WhiteElo "1073"]
[BlackElo "1569"]
[PlyCount "114"]
[GameId "2160767910969322"]
[EventDate "2005.03.24"]
[EventType "tourn"]
[EventRounds "7"]
[EventCountry "CAN"]

1. e4 c5 2. b3 e5 3. Bb2 d6 4. Bb5+ Nc6 5. Bxc6+ bxc6 6. Ne2 Nf6 7. d3 Be6 8. O-O Nh5 9. f4 f6 10. Nbc3 Be7 11. Qe1 O-O 12. Qh4 Bf7 13. f5 g5 14. fxg6 Bxg6 15. Qg4 Kh8 16. Rf3 Rg8 17. Rh3 Bf7 18. Qf5 Rg5 19. Qf3 Qd7 20. Ng3 Nf4 21. Rh6 Rag8 22. Nce2 Nxe2+ 23. Qxe2 d5 24. Qf3 Rg4 25. Qf5 Qxf5 26. exf5 c4 27. Re1 cxd3 28. cxd3 Rf4 29. d4 Bb4 30. Rd1 Kg7 31. Rh3 Re8 32. Nh5+ Bxh5 33. Rxh5 exd4 34. Bxd4 c5 35. Bb2 d4 36. Rf1 Rxf1+ 37. Kxf1 d3 38. Rh3 d2 39. Rg3+ Kf7 40. Rd3 Re1+ 41. Kf2 d1=Q 42. Rxd1 Rxd1 43. Kf3 Rb1 44. Bxf6 Kxf6 45. g4 Rb2 46. Kf4 Rxh2 47. g5+ Kf7 48. a4 Rh3 49. Kg4 Rxb3 50. Kh5 c4 51. g6+ hxg6+ 52. fxg6+ Kg7 53. Kg5 c3 54. Kh5 c2 55. Kg5 c1=Q+ 56. Kh5 Qf4 57. a5 Rh3# 0-1

[Event "CYCC U14 w"]
[Site "Victoria CAN"]
[Date "2005.03.24"]
[Round "2.3"]
[White "Boychuk, Sara"]
[Black "Smith, Hazel"]
[Result "0-1"]
[WhiteElo "959"]
[BlackElo "2073"]
[PlyCount "52"]
[GameId "2160767910969323"]
[EventDate "2005.03.24"]
[EventType "tourn"]
[EventRounds "7"]
[EventCountry "CAN"]

1. Na3 e5 2. f3 d5 3. d3 c5 4. Nh3 Bxh3 5. gxh3 Qh4+ 6. Kd2 Be7 7. Qe1 Qf6 8. b3 e4 9. Rb1 Nc6 10. Bb2 Qg5+ 11. e3 Nf6 12. Nb5 O-O 13. f4 Qf5 14. c4 dxc4 15. bxc4 exd3 16. Rc1 Ne4+ 17. Kd1 d2 18. Qe2 dxc1=Q+ 19. Bxc1 a6 20. Qg4 Nf2+ 21. Ke1 Nxg4 22. Nc3 Nf6 23. a4 Qc2 24. Ne2 Nb4 25. Bg2 Nd3+ 26. Kf1 Qd1# 0-1

[Event "CYCC U14 w"]
[Site "Victoria CAN"]
[Date "2005.03.25"]
[Round "3.1"]
[White "Smith, Hazel"]
[Black "Ruiter, Chelsea"]
[Result "1-0"]
[WhiteElo "2073"]
[BlackElo "1073"]
[PlyCount "71"]
[GameId "2160767910969324"]
[EventDate "2005.03.24"]
[EventType "tourn"]
[EventRounds "7"]
[EventCountry "CAN"]

1. e4 Nf6 2. e5 Nd5 3. c4 Nb6 4. d4 d6 5. Nf3 Bg4 6. exd6 cxd6 7. Be3 g6 8. h3 Bxf3 9. Qxf3 Nc6 10. Nc3 Bg7 11. O-O-O Qc7 12. Nb5 Qc8 13. Nc3 O-O 14. h4 h5 15. Rg1 Nd7 16. g4 Nf6 17. gxh5 Nxh5 18. Bh3 Qd8 19. Bg4 Nf6 20. h5 Nxg4 21. Qxg4 Qc8 22. Qg2 Qf5 23. hxg6 Qxg6 24. Qh3 Qe6 25. Qh6 Qf6 26. Qxf6 exf6 27. Bh6 Rfe8 28. Bxg7 Re6 29. d5 Ree8 30. dxc6 bxc6 31. Rxd6 Rac8 32. Bxf6+ Kf8 33. Rh1 Re1+ 34. Rxe1 Rb8 35. Rh1 Ke8 36. Rh8# 1-0

[Event "CYCC U14 w"]
[Site "Victoria CAN"]
[Date "2005.03.25"]
[Round "3.2"]
[White "Xiong, Sonja"]
[Black "Robinson, Danielle"]
[Result "1-0"]
[WhiteElo "1569"]
[BlackElo "599"]
[PlyCount "67"]
[GameId "2160767910969325"]
[EventDate "2005.03.24"]
[EventType "tourn"]
[EventRounds "7"]
[EventCountry "CAN"]

1. e4 g6 2. d4 f5 3. f3 b6 4. Nc3 Nf6 5. e5 Ng8 6. Be3 Nh6 7. Qd2 d6 8. Bxh6 dxe5 9. dxe5 f4 10. Bxf4 Qxd2+ 11. Bxd2 Bg7 12. f4 Bb7 13. O-O-O a6 14. Be3 Nd7 15. Nd5 Rc8 16. Nf3 c6 17. Nxb6 Nxb6 18. Bxb6 e6 19. Bc4 Rf8 20. g3 g5 21. Nxg5 h6 22. Nxe6 c5 23. Rhf1 Rf7 24. Nxc5 a5 25. Bxf7+ Kxf7 26. Rd7+ Kg8 27. Rxb7 Ra8 28. Ne6 Bf8 29. Rd1 a4 30. Rbd7 h5 31. Bc5 Bxc5 32. Rg7+ Kh8 33. Rh7+ Kg8 34. Rg7+ 1-0

[Event "CYCC U14 w"]
[Site "Victoria CAN"]
[Date "2005.03.25"]
[Round "3.3"]
[White "Luca, Ana Maria"]
[Black "Wawence, Raelynn"]
[Result "1-0"]
[WhiteElo "803"]
[BlackElo "466"]
[PlyCount "27"]
[GameId "2160767910969326"]
[EventDate "2005.03.24"]
[EventType "tourn"]
[EventRounds "7"]
[EventCountry "CAN"]

1. c4 a6 2. Nc3 Ra7 3. d4 Nc6 4. Nf3 Nf6 5. e4 h5 6. g3 Ng4 7. Bg2 a5 8. O-O Rh6 9. Bxh6 gxh6 10. Rb1 Bg7 11. a3 Bxd4 12. Nxd4 Nxd4 13. Qxd4 Ra6 14. Qh8# 1-0

[Event "CYCC U14 w"]
[Site "Victoria CAN"]
[Date "2005.03.25"]
[Round "4.1"]
[White "Wawence, Raelynn"]
[Black "Xiong, Sonja"]
[Result "0-1"]
[WhiteElo "466"]
[BlackElo "1569"]
[PlyCount "46"]
[GameId "2160767910969327"]
[EventDate "2005.03.24"]
[EventType "tourn"]
[EventRounds "7"]
[EventCountry "CAN"]

1. e4 c5 2. Bb5 Nc6 3. Qh5 d6 4. Qxf7+ Kxf7 5. Nf3 e5 6. Kf1 Nf6 7. Bc4+ Be6 8. Bd3 Nd4 9. c3 Nxf3 10. gxf3 Nh5 11. h4 Be7 12. b3 Nf4 13. Be2 Bxh4 14. Ba3 Bh3+ 15. Ke1 Qg5 16. b4 Qg2 17. Bf1 Qxh1 18. Kd1 Qxf1+ 19. Kc2 c4 20. Bc1 Qd3+ 21. Kd1 Bxf2 22. a4 Bf1 23. Na3 Be2# 0-1

[Event "CYCC U14 w"]
[Site "Victoria CAN"]
[Date "2005.03.25"]
[Round "4.2"]
[White "Robinson, Danielle"]
[Black "Smith, Hazel"]
[Result "0-1"]
[WhiteElo "599"]
[BlackElo "2073"]
[PlyCount "62"]
[GameId "2160767910969328"]
[EventDate "2005.03.24"]
[EventType "tourn"]
[EventRounds "7"]
[EventCountry "CAN"]

1. b3 e5 2. Ba3 Bxa3 3. Nxa3 d5 4. c4 c6 5. cxd5 cxd5 6. d3 Qa5+ 7. Qd2 Qxa3 8. Qc1 Qxc1+ 9. Rxc1 Nc6 10. e4 d4 11. Nf3 Nge7 12. b4 a6 13. a4 f6 14. b5 axb5 15. axb5 Nd8 16. Rc4 Bd7 17. Nxd4 exd4 18. Rxd4 Bxb5 19. Rb4 Bc6 20. f4 O-O 21. e5 Re8 22. d4 Nd5 23. Rc4 Nxf4 24. d5 Rxe5+ 25. Kd2 Nxd5 26. Be2 Ra2+ 27. Rc2 Rxc2+ 28. Kxc2 Rxe2+ 29. Kd1 Nc3+ 30. Kc1 Be4 31. g4 Rc2# 0-1

[Event "CYCC U14 w"]
[Site "Victoria CAN"]
[Date "2005.03.25"]
[Round "4.3"]
[White "Ruiter, Chelsea"]
[Black "Boychuk, Sara"]
[Result "1-0"]
[WhiteElo "1073"]
[BlackElo "959"]
[PlyCount "67"]
[GameId "2160767910969329"]
[EventDate "2005.03.24"]
[EventType "tourn"]
[EventRounds "7"]
[EventCountry "CAN"]

1. e4 Na6 2. Bxa6 bxa6 3. d4 Bb7 4. Nc3 Nf6 5. Qd3 e6 6. d5 c6 7. Bg5 Qc7 8. Bxf6 gxf6 9. Nge2 c5 10. Qg3 Bd6 11. Qg7 O-O-O 12. Qxf6 Rhf8 13. f4 Rde8 14. e5 Be7 15. d6 Qd8 16. dxe7 Qxe7 17. Qxe7 Rxe7 18. Rg1 Bd5 19. Nxd5 exd5 20. O-O-O d4 21. Ng3 f6 22. Nf5 Rfe8 23. Nxe7+ Rxe7 24. Rge1 f5 25. Re2 Rg7 26. g3 h5 27. e6 Rh7 28. e7 Rxe7 29. Rxe7 Kd8 30. Rh7 Kc7 31. Re1 Kd6 32. Rh6+ Kc7 33. Re5 a5 34. Rxf5 1-0

[Event "CYCC U14 w"]
[Site "Victoria CAN"]
[Date "2005.03.26"]
[Round "5.1"]
[White "Boychuk, Sara"]
[Black "Robinson, Danielle"]
[Result "0-1"]
[WhiteElo "959"]
[BlackElo "599"]
[PlyCount "54"]
[GameId "2160767910969330"]
[EventDate "2005.03.24"]
[EventType "tourn"]
[EventRounds "7"]
[EventCountry "CAN"]

1. Nf3 g6 2. Nc3 Bg7 3. d4 d6 4. Qd3 c5 5. e3 Bf5 6. Qd1 Nc6 7. Bd3 Qd7 8. O-O Bxd3 9. cxd3 cxd4 10. Ne2 dxe3 11. fxe3 a5 12. d4 d5 13. a4 e5 14. Ra2 e4 15. Ng5 h6 16. Nxf7 Rh7 17. Rf4 Be5 18. dxe5 Rxf7 19. b3 Nxe5 20. Bb2 g5 21. Rf1 Qe7 22. Qd4 Qf8 23. Qxe5+ Ne7 24. Ng3 Rd8 25. Qh8 Ng8 26. Qc3 h5 27. Nxh5 Rxf1# 0-1

[Event "CYCC U14 w"]
[Site "Victoria CAN"]
[Date "2005.03.26"]
[Round "5.2"]
[White "Smith, Hazel"]
[Black "Wawence, Raelynn"]
[Result "1-0"]
[WhiteElo "2073"]
[BlackElo "466"]
[PlyCount "47"]
[GameId "2160767910969331"]
[EventDate "2005.03.24"]
[EventType "tourn"]
[EventRounds "7"]
[EventCountry "CAN"]

1. e4 Nc6 2. d4 Nf6 3. e5 d6 4. exf6 exf6 5. Nf3 Rb8 6. Nc3 Be6 7. d5 Bd7 8. dxc6 Bxc6 9. Be2 a5 10. O-O a4 11. a3 h6 12. Re1 Be7 13. Nd4 Bd7 14. Nd5 Be6 15. Nxe7 Kxe7 16. Bg4 Kf8 17. Bxe6 fxe6 18. Nxe6+ Kg8 19. Nxd8 Rxd8 20. Re7 Kf8 21. Rxc7 b5 22. Qg4 f5 23. Qxg7+ Ke8 24. Re7# 1-0

[Event "CYCC U14 w"]
[Site "Victoria CAN"]
[Date "2005.03.26"]
[Round "5.3"]
[White "Xiong, Sonja"]
[Black "Luca, Ana Maria"]
[Result "1-0"]
[WhiteElo "1569"]
[BlackElo "803"]
[PlyCount "24"]
[GameId "2160767910969332"]
[EventDate "2005.03.24"]
[EventType "tourn"]
[EventRounds "7"]
[EventCountry "CAN"]

1. e4 e6 2. d4 d5 3. e5 c5 4. c4 Nc6 5. Nf3 Qb6 6. dxc5 Bxc5 7. Qc2 Nb4 8. Qd2 Bd7 9. Be2 Bxf2+ 10. Kf1 Rc8 11. a3 Nd3 12. Qc3 Be1 1-0

[Event "CYCC U14 w"]
[Site "Victoria CAN"]
[Date "2005.03.26"]
[Round "6.1"]
[White "Luca, Ana Maria"]
[Black "Smith, Hazel"]
[Result "0-1"]
[WhiteElo "803"]
[BlackElo "2073"]
[PlyCount "90"]
[GameId "2160767910969333"]
[EventDate "2005.03.24"]
[EventType "tourn"]
[EventRounds "7"]
[EventCountry "CAN"]

1. c4 e6 2. Nc3 Nf6 3. g3 Nc6 4. Bg2 Be7 5. e4 e5 6. Nge2 O-O 7. d4 exd4 8. Nxd4 Ne5 9. b3 Bb4 10. Qc2 Re8 11. O-O Nc6 12. Qd3 Nxd4 13. Qxd4 Bxc3 14. Qxc3 Nxe4 15. Bxe4 Rxe4 16. Bb2 f6 17. b4 d6 18. c5 dxc5 19. Rad1 Qe7 20. bxc5 c6 21. Rd3 Bh3 22. Rfd1 Re8 23. Re3 Rxe3 24. fxe3 Qxe3+ 25. Qxe3 Rxe3 26. Rd8+ Kf7 27. Bd4 Re1+ 28. Kf2 Rh1 29. Ra8 Rxh2+ 30. Kf3 Rxa2 31. Rd8 Be6 32. Be3 a5 33. Rb8 Rb2 34. Bd4 Rb3+ 35. Kg2 a4 36. Ra8 a3 37. Ra4 Bd5+ 38. Kh3 Kg6 39. Bf2 Be6+ 40. Kh4 Rb1 41. g4 a2 42. Re4 a1=Q 43. Rxe6 Qa2 44. Re3 Qxf2+ 45. Rg3 Rh1# 0-1

[Event "CYCC U14 w"]
[Site "Victoria CAN"]
[Date "2005.03.26"]
[Round "6.2"]
[White "Wawence, Raelynn"]
[Black "Boychuk, Sara"]
[Result "0-1"]
[WhiteElo "466"]
[BlackElo "959"]
[PlyCount "45"]
[GameId "2160767910969334"]
[EventDate "2005.03.24"]
[EventType "tourn"]
[EventRounds "7"]
[EventCountry "CAN"]

1. Nf3 h5 2. b3 Rh6 3. h4 a5 4. g4 hxg4 5. Ng5 f6 6. Ne4 Ra6 7. Rg1 f5 8. Bg2 Nf6 9. d4 c6 10. Bxh6 gxh6 11. a4 Qc7 12. f3 Qh2 13. Rf1 Qxh4+ 14. Rf2 d5 15. Ra3 Nbd7 16. e3 Bg7 17. c3 Qh2 18. Ke2 Nh5 19. Bf1 Qh4 20. Ke1 Nhf6 21. Bxa6 bxa6 22. f4 fxe4 23. f5 0-1

[Event "CYCC U14 w"]
[Site "Victoria CAN"]
[Date "2005.03.26"]
[Round "6.3"]
[White "Robinson, Danielle"]
[Black "Ruiter, Chelsea"]
[Result "0-1"]
[WhiteElo "599"]
[BlackElo "1073"]
[PlyCount "84"]
[GameId "2160767910969335"]
[EventDate "2005.03.24"]
[EventType "tourn"]
[EventRounds "7"]
[EventCountry "CAN"]

1. e4 Nf6 2. e5 Nd5 3. Qf3 e6 4. h4 d6 5. exd6 Qxd6 6. Qg3 Qxg3 7. fxg3 Nb4 8. Kd1 e5 9. a3 Bg4+ 10. Nf3 e4 11. axb4 exf3 12. gxf3 Bxf3+ 13. Be2 Bxh1 14. Bb5+ Bc6 15. Bxc6+ Nxc6 16. b5 Nd4 17. Ra4 Nxb5 18. c4 Nd4 19. c5 Nb3 20. Re4+ Be7 21. Re3 Nxc5 22. b3 Ne6 23. d4 Nxd4 24. Ba3 Ne6 25. Nc3 Rd8+ 26. Kc2 Bxa3 27. Rd3 Rxd3 28. Kxd3 O-O 29. Nb5 Rd8+ 30. Kc3 Bc5 31. Kc4 a6 32. Nxc7 Rd4+ 33. Kc3 Bb4+ 34. Kc2 Nxc7 35. g4 Rd2+ 36. Kc1 g6 37. h5 gxh5 38. gxh5 f5 39. h6 f4 40. Kb1 f3 41. Kc1 f2 42. Kb1 f1=Q# 0-1

[Event "CYCC U14 w"]
[Site "Victoria CAN"]
[Date "2005.03.27"]
[Round "7.1"]
[White "Ruiter, Chelsea"]
[Black "Wawence, Raelynn"]
[Result "1-0"]
[WhiteElo "1073"]
[BlackElo "466"]
[PlyCount "59"]
[GameId "2160767910969336"]
[EventDate "2005.03.24"]
[EventType "tourn"]
[EventRounds "7"]
[EventCountry "CAN"]

1. e4 Nf6 2. e5 Nd5 3. c4 Nb6 4. d4 h5 5. Be2 g6 6. Nc3 Bh6 7. Bxh6 Rxh6 8. c5 c6 9. cxb6 axb6 10. Qd2 Rh8 11. Nf3 d6 12. exd6 exd6 13. Qe3+ Be6 14. Ng5 c5 15. Nxe6 fxe6 16. Qxe6+ Qe7 17. Bb5+ Nd7 18. Bxd7+ Kd8 19. Qxe7+ Kxe7 20. Bb5 cxd4 21. Nd5+ Ke6 22. Nc7+ Ke7 23. Nxa8 Rxa8 24. Kd2 Ra5 25. Rhe1+ Kd8 26. Re8+ Kc7 27. Re7+ Kb8 28. a4 Rxb5 29. axb5 Kc8 30. Ra8# 1-0

[Event "CYCC U14 w"]
[Site "Victoria CAN"]
[Date "2005.03.27"]
[Round "7.2"]
[White "Boychuk, Sara"]
[Black "Luca, Ana Maria"]
[Result "0-1"]
[WhiteElo "959"]
[BlackElo "803"]
[PlyCount "90"]
[GameId "2160767910969337"]
[EventDate "2005.03.24"]
[EventType "tourn"]
[EventRounds "7"]
[EventCountry "CAN"]

1. Nc3 e6 2. f4 d5 3. e3 Bb4 4. a3 Bxc3 5. dxc3 Nf6 6. Bb5+ c6 7. Bd3 c5 8. b4 c4 9. Bf1 Ne4 10. g3 O-O 11. Qd4 Nc6 12. Qd1 Nxc3 13. Qh5 Qf6 14. g4 e5 15. h3 g6 16. Qg5 Qxg5 17. fxg5 Ne4 18. Ne2 Nxg5 19. Nc3 Ne7 20. Bg2 d4 21. exd4 h6 22. Nb5 exd4 23. Nc7 Rb8 24. O-O Bd7 25. Bf4 Rbc8 26. Rad1 Ba4 27. Rd2 b6 28. Bb7 Rcd8 29. h4 Nh3+ 30. Kg2 Nxf4+ 31. Rxf4 Rd7 32. Rfxd4 Rxc7 33. Ba6 c3 34. R2d3 Bxc2 35. Re3 Bb1 36. Bc4 c2 37. Re1 Nc6 38. Rd2 Rd8 39. Rd3 Rxd3 40. Bxd3 Ne5 41. Be2 c1=Q 42. a4 Qxe1 43. Bf1 Rc2+ 44. Kg1 Qf2+ 45. Kh1 Qh2# 0-1

[Event "CYCC U14 w"]
[Site "Victoria CAN"]
[Date "2005.03.27"]
[Round "7.3"]
[White "Smith, Hazel"]
[Black "Xiong, Sonja"]
[Result "1-0"]
[WhiteElo "2073"]
[BlackElo "1569"]
[PlyCount "111"]
[GameId "2160767910969338"]
[EventDate "2005.03.24"]
[EventType "tourn"]
[EventRounds "7"]
[EventCountry "CAN"]

1. e4 c5 2. Nf3 Nc6 3. d4 cxd4 4. Nxd4 Nf6 5. Nc3 e5 6. Ndb5 d6 7. Bg5 a6 8. Na3 b5 9. Nd5 Be7 10. Bxf6 Bxf6 11. c3 O-O 12. Nc2 Bg5 13. a4 Rb8 14. Ncb4 Nxb4 15. Nxb4 Qb6 16. Qh5 h6 17. axb5 axb5 18. Bd3 f5 19. O-O f4 20. Be2 Kh7 21. Qf3 Bh4 22. Qd3 Qc5 23. Ra5 Bd7 24. Na6 Qb6 25. Nxb8 Rxb8 26. Raa1 b4 27. Ra6 Qc5 28. Qxd6 Qxd6 29. Rxd6 Bb5 30. Bxb5 Rxb5 31. c4 Rc5 32. b3 Ra5 33. Rb6 Be7 34. Rb7 Bd6 35. Rd7 Bf8 36. g3 Ra3 37. Rb1 Kg6 38. Rd5 fxg3 39. fxg3 Kf6 40. Rf1+ Ke7 41. Rxe5+ Kd6 42. Rd5+ Ke7 43. Rdf5 Rxb3 44. Rxf8 Rc3 45. R1f7+ Ke6 46. Rxg7 Rxc4 47. Re8+ Kf6 48. Rb7 Kg5 49. Kg2 Rd4 50. Kh3 Kf6 51. e5+ Kf5 52. e6 Re4 53. e7 b3 54. Rf8+ Kg6 55. e8=Q+ Rxe8 56. Rxe8 1-0

[Event "CYCC U16"]
[Site "Victoria CAN"]
[Date "2005.03.24"]
[Round "1.2"]
[White "Goodman, Kevin"]
[Black "Derraugh, Geordie"]
[Result "0-1"]
[WhiteElo "1673"]
[BlackElo "1943"]
[PlyCount "95"]
[GameId "2160767910969341"]
[EventDate "2005.03.24"]
[EventType "swiss"]
[EventRounds "7"]
[EventCountry "CAN"]

1. d4 Nf6 2. Nf3 d5 3. c4 c6 4. Nc3 Bf5 5. Qb3 b6 6. Bg5 e6 7. Nh4 Bg6 8. e3 Nbd7 9. cxd5 exd5 10. Ba6 Qc7 11. Bxf6 Nxf6 12. Rc1 Rd8 13. Nf3 Bf5 14. Nb5 Qb8 15. Rxc6 Bd6 16. O-O O-O 17. Rfc1 Ne4 18. Nxd6 Rxd6 19. Rc7 h6 20. Rb7 Qd8 21. Rxa7 Rg6 22. Ne5 Rxg2+ 23. Kxg2 Qg5+ 24. Kf1 Nd2+ 25. Ke2 Nxb3 26. axb3 Qh5+ 27. Ke1 Qxh2 28. Rcc7 Qg1+ 29. Ke2 Be6 30. Nd7 Bg4+ 31. f3 Qg2+ 32. Ke1 Bxd7 33. Rxd7 Qxf3 34. Kd2 h5 35. Bb7 Qf2+ 36. Kd3 Re8 37. Bxd5 Rxe3+ 38. Kc4 Rf3 39. Bxf3 Qxf3 40. Rd5 h4 41. Ra8+ Kh7 42. Rdd8 h3 43. Rh8+ Kg6 44. Ra1 Qg2 45. Kb5 f5 46. Kxb6 f4 47. Kc5 h2 48. d5 0-1

[Event "CYCC U16"]
[Site "Victoria CAN"]
[Date "2005.03.24"]
[Round "1.3"]
[White "Jia, Derek"]
[Black "Ho, Conrad"]
[Result "1/2-1/2"]
[WhiteElo "1867"]
[BlackElo "1705"]
[PlyCount "65"]
[GameId "2160767910969342"]
[EventDate "2005.03.24"]
[EventType "swiss"]
[EventRounds "7"]
[EventCountry "CAN"]

1. e4 e6 2. d4 d5 3. exd5 exd5 4. c4 c6 5. Nc3 Nf6 6. Bd3 dxc4 7. Bxc4 Nbd7 8. Nf3 Nb6 9. Bb3 Be7 10. h3 Bf5 11. O-O O-O 12. Re1 Nfd5 13. a3 Bf6 14. Ne5 Re8 15. Qf3 g6 16. Bh6 Bg7 17. Bxg7 Kxg7 18. Nxf7 Kxf7 19. g4 Rf8 20. gxf5 Kg7 21. Nxd5 Nxd5 22. Re5 Qg5+ 23. Kh2 Rxf5 24. Rxf5 Qxf5 25. Qxf5 gxf5 26. Bxd5 cxd5 27. Rc1 Kf6 28. Rc7 Rg8 29. f4 Rg7 30. Rxg7 Kxg7 31. Kg3 Kf6 32. Kh4 Kg6 33. Kg3 1/2-1/2

[Event "CYCC U16"]
[Site "Victoria CAN"]
[Date "2005.03.24"]
[Round "1.4"]
[White "Churchill, Sam"]
[Black "Ho, Martin"]
[Result "1-0"]
[WhiteElo "1590"]
[BlackElo "1827"]
[PlyCount "63"]
[GameId "2160767910969343"]
[EventDate "2005.03.24"]
[EventType "swiss"]
[EventRounds "7"]
[EventCountry "CAN"]

1. e4 e6 2. d4 d5 3. Nc3 Nf6 4. e5 Nfd7 5. f4 c5 6. Nf3 Nc6 7. Be3 Qb6 8. Na4 Qa5+ 9. c3 cxd4 10. b4 Qc7 11. Nxd4 Nxd4 12. Bxd4 Be7 13. Bd3 Bh4+ 14. g3 Be7 15. Qg4 O-O 16. O-O f5 17. exf6 Nxf6 18. Qe2 b6 19. Rfe1 Bd7 20. Nb2 Rae8 21. Nd1 Bd6 22. Nf2 Re7 23. Be5 Rfe8 24. Rac1 Qb8 25. a3 Bc8 26. Qe3 Bxe5 27. fxe5 Nd7 28. Ng4 Rf7 29. Qg5 Bb7 30. Nh6+ Kf8 31. Nxf7 Kxf7 32. Bxh7 1-0

[Event "CYCC U16"]
[Site "Victoria CAN"]
[Date "2005.03.24"]
[Round "1.5"]
[White "Tam, Timothy"]
[Black "Bowles, Malcolm"]
[Result "1-0"]
[WhiteElo "1845"]
[BlackElo "1377"]
[PlyCount "107"]
[GameId "2160767910965248"]
[EventDate "2005.03.24"]
[EventType "swiss"]
[EventRounds "7"]
[EventCountry "CAN"]

1. e4 d6 2. d4 Nf6 3. Nc3 g6 4. Be2 Bg7 5. Nf3 O-O 6. O-O c6 7. Bg5 Bg4 8. Qd2 Bxf3 9. Bxf3 Nbd7 10. Ne2 c5 11. c3 Rb8 12. Bh6 Qb6 13. Bxg7 Kxg7 14. b3 Rfc8 15. Ng3 Qa5 16. Rfc1 cxd4 17. Qxd4 Qc5 18. Be2 a6 19. Qd2 Ne5 20. h3 Qc6 21. f4 Qc5+ 22. Kh2 Ned7 23. Bf3 Rc7 24. Rc2 Rbc8 25. Rac1 b5 26. b4 Qb6 27. Qd3 Qa7 28. c4 bxc4 29. Rxc4 Rxc4 30. Rxc4 Rxc4 31. Qxc4 Nb6 32. Qc2 Qd7 33. Bd1 Qb5 34. a3 Nbd7 35. Qb3 Qb7 36. Bf3 Qb6 37. Qd3 Nb8 38. Ne2 Nc6 39. Nc3 Nd4 40. Be2 Nxe2 41. Qxe2 Qc6 42. Qd3 Nd7 43. a4 Qb7 44. b5 Nc5 45. Qd4+ Kg8 46. Qc4 e6 47. e5 axb5 48. Nxb5 Qa8 49. exd6 Nxa4 50. Qc7 Qa6 51. d7 Qxb5 52. d8=Q+ Kg7 53. Qce7 Qc4 54. Qdf8# 1-0

[Event "CYCC U16"]
[Site "Victoria CAN"]
[Date "2005.03.24"]
[Round "1.6"]
[White "McKay, Zachary"]
[Black "Ye, Ling Feng"]
[Result "0-1"]
[WhiteElo "1051"]
[BlackElo "1752"]
[PlyCount "96"]
[GameId "2160767910965249"]
[EventDate "2005.03.24"]
[EventType "swiss"]
[EventRounds "7"]
[EventCountry "CAN"]

1. Nf3 g6 2. g3 Bg7 3. Bg2 Nf6 4. d3 O-O 5. O-O d5 6. Nbd2 c5 7. d4 cxd4 8. Nb3 Nc6 9. Nbxd4 Re8 10. Bf4 Nh5 11. Bg5 h6 12. Bh4 Nxd4 13. g4 Nxf3+ 14. Bxf3 Nf6 15. g5 hxg5 16. Bxg5 Nh7 17. Bf4 e5 18. Bg3 Bh3 19. Re1 e4 20. Bg2 Bxg2 21. Kxg2 Bxb2 22. Rb1 Bc3 23. Rf1 b6 24. f3 Be5 25. f4 Bf6 26. Rb5 d4 27. e3 dxe3 28. Rd5 Qe7 29. Rd7 e2 30. Qd5 exf1=Q+ 31. Kxf1 Qe6 32. Qb7 Rad8 33. Rc7 Re7 34. Rxe7 Qxe7 35. Qxe7 Bxe7 36. Bf2 Bc5 37. Bh4 Rd2 38. c4 e3 39. Be1 e2+ 40. Kg2 Rd1 41. Bg3 e1=Q 42. Bxe1 Rxe1 43. Kg3 f5 44. Kh4 Rg1 45. Kh3 Nf6 46. Kh4 Bf2+ 47. Kh3 Nh5 48. a4 Nxf4# 0-1